000 00925nam a2200253Ia 4500
003 OSt
005 20220516103031.0
008 210719s2020 xx 000 0 und d
020 _a978-1-138-34429-7
040 _cAIMIT LIBRARY
041 _aeng
082 _a658.303
_bTARI
100 _aTarique, Ibraiz.
_929595
245 _aInternational human resource management:
_bpolicies and practices for multinational enterprises /
_cBy Ibraiz Tarique,Dennis Briscoe and Randall Schuler.
250 _a5th ed.
260 _aNew York :
_bRoutledge ,
_c2022
300 _axxii,524p. ;
_bPB
_c25.5 cm.
650 _aManagement.
_929596
650 _aPersonnel Management
_929597
700 _aBriscoe, Dennis.
_929598
700 _aSchuler, Randall.
_929599
906 _a5 ; Ed ; enterprises ; for ; human ; International ; management: ; multinational ; policies ; practices ; resource
942 _2ddc
_cBK
_e5th
_k658.303 TARI
999 _c222399
_d222399